000 02226cam a22004934i 4500
003 PE-LiUPU
005 20250731180116.0
008 150623s r 000 0 d
035 _a(Sirsi) a24985
040 _aPE-LiUPU
_bspa
_cPE-LiUPU
_erda
082 0 4 _a515.352
_bB84
_221
100 1 _aBronson, Richard,
_eautor.
245 1 0 _aModerna Introducao as equacoes diferenciais /
_cRichard Bronson.
264 1 _aSao Paulo :
_bMcGraw-Hill,
_c1976.
300 _a387 páginas :
_bilustraciones, gráficos ;
_c21 cm.
336 _atext
_2rdacontent
337 _aunmediated
_2rdamedia
338 _avolume
_2rdacarrier
490 0 _aColecao Schaum
504 _aIncluye bibliografía.
505 0 _aConceitos básicos. -Solucoes. -Classificacao das equacoes diferenciais de primera ordem. -Equacoes diferenciais de primera ordem homogéneas, exatas,Lineares. Aplicacoes das quacoes diferenciais de primerira ordem. -Equacoes diferenciais, homogéneas de segunda ordem com coeficientes constantes. de orden n com coeficientes constantes. -P método dos coeficientes a determinar. Variacao dos parametros. -Problemas de valor inicial. -Aplicacoes das equacoes diferencis lineres de segunda ordem con coeficientes constantes. -Equacioes diferenciis lineares com coeficientes variavesis. -Solucoes em series de potencias en um ponto ordinario. -Pontos dingulares regulares e o método de frobenius..
526 _aSEG44
526 _aSEG26
526 _aP159
526 _aP155
526 _aP154
526 _aP153
526 _aP150
526 _aP100
526 _aP31
526 _aP30
526 _aP26
526 _aP25
526 _aP24
526 _aP22
526 _aP15
526 _aP10
650 0 4 _aEcuaciones diferenciales
_xProblemas, ejercicios, etc.
942 _2ddc
_cBOOK
949 _a515.352 B84
_wDEWEY
_c1
_i49396
_lCCODEBUL1
_mBUL
_p00.00
_r0
_sY
_tBOOK
_u2015-06-24
_xINGENIERIA
_zUNKNOWN
_0COMPRA
_o.STAFF. Colección General
596 _a1
999 _a515.352 B84
_wDEWEY
_c29370
_i49396
_d29370
_e2019-6-10
_f2021-11-9
_g7
_lCCODEBUL1
_mBUL
_n2
_r0
_sY
_tBOOK
_u2015-6-24
_xINGENIERIA
_zUNKNOWN
_0COMPRA
_o.STAFF. Colección General
980 _81
_gALBERTO SANCHEZ Responsable de Automatización